Southville International School and Colleges
Your cart is empty.
  • Cart
  • Lists
    Public lists list_1 View all
    Your lists Log in to create your own lists
  • Log in to your account
  • Your cookies
  • Search history
Southville International School and Colleges
  • Advanced search
  • Recent comments
  • Most popular
  • Libraries

Log in to your account

Log in with GOOGLE


If you do not have an external account, but do have a local account, you can still log in:

  1. Home
  2. MARC view: Coming up on your left :
Normal view MARC view ISBD view

Coming up on your left : (Record no. 291537)

[ view plain ]
MARC details
000 -LEADER
fixed length control field 00482nam a22001577a 4500
003 - CONTROL NUMBER IDENTIFIER
control field SISC
005 - DATE AND TIME OF LATEST TRANSACTION
control field 20160819101304.0
008 - FIXED-LENGTH DATA ELEMENTS--GENERAL INFORMATION
fixed length control field 160309b xxu||||| |||| 00| 0 eng d
020 ## - INTERNATIONAL STANDARD BOOK NUMBER
International Standard Book Number 9780615831046
050 ## - LIBRARY OF CONGRESS CALL NUMBER
Classification number G 155.5 .W746 2013
100 ## - MAIN ENTRY--PERSONAL NAME
Personal name Wilson, Joemy.
245 ## - TITLE STATEMENT
Title Coming up on your left :
Remainder of title a tour guide's guidebook /
Statement of responsibility, etc Joemy Wilson a foreword by Ted Bravos .
260 ## - PUBLICATION, DISTRIBUTION, ETC. (IMPRINT)
Place of publication, distribution, etc USA :
Name of publisher, distributor, etc Journey Woman Press,
Date of publication, distribution, etc 2013.
300 ## - PHYSICAL DESCRIPTION
Extent xvii, 124 pages :
Dimensions 21 cm.
942 ## - ADDED ENTRY ELEMENTS (KOHA)
Source of classification or shelving scheme Library of Congress Classification
Koha item type Books
Holdings
Withdrawn status Lost status Source of classification or shelving scheme Damaged status Home library Current library Shelving location Date acquired Source of acquisition Total Checkouts Full call number Barcode Date last seen Date checked out Price effective from Koha item type
    Library of Congress Classification   College Library College Library Reserve Section 03/09/2016 Library Fund 2 G 155.5 .W746 2013 C20480 01/03/2018 01/03/2018 03/09/2016 Books

Coming up on your left :

APA

Wilson J., . (2013). Coming up on your left. USA: Journey Woman Press.

Chicago

Wilson Joemy, . 2013. Coming up on your left. USA: Journey Woman Press.

Harvard

Wilson J., . (2013). Coming up on your left. USA: Journey Woman Press.

MLA

Wilson Joemy, . Coming up on your left. USA: Journey Woman Press. 2013.

  • Place hold
  • Print
  • Cite
  • Add to your cart (remove)
  • Save record
    BIBTEX Dublin Core MARCXML MARC (non-Unicode/MARC-8) MARC (Unicode/UTF-8) MARC (Unicode/UTF-8, Standard) MODS (XML) RIS
  • More searches
    Search for this title in:
    Other Libraries (WorldCat) Other Databases (Google Scholar) Online Stores (Bookfinder.com) Open Library (openlibrary.org)

Exporting to Dublin Core...

SOUTHVILLE LIBRARY

Southville International School and Colleges Library

1281 Tropical Ave. Cor. Luxembourg St., BF Homes International, Las Pinas City

Tel. No. 8256374 / 252358 Loc. 117/146

Powered by Koha